Rast, inovácie, trvalá udržateľnosť

Gespeichert in:
Bibliographische Detailangaben
1. Verfasser: Tarišková, Natália, 1973-
Format: Buchkapitel
Sprache:Slowakisch
Englisch
Schlagworte:
Tags: Tag hinzufügen
Keine Tags, Fügen Sie das erste Tag hinzu!

MARC

LEADER 00000naa$a2200000$$$4500
001 0297780
005 20240502074517.6
041 0 |a slo 
041 0 |a eng 
044 |a SK 
245 1 0 |a Rast, inovácie, trvalá udržateľnosť  |c Natália Tarišková 
500 |a Abstrakt 
610 2 0 |a udržateľnosť 
610 2 0 |a inovácia 
610 2 0 |a priemysel kreatívny 
610 2 0 |a kultúra 
610 2 0 |a umenie 
100 1 |a Tarišková, Natália, 1973-